[Event "European Individual Women's Championship"]
[Site "Gaziantep TUR"]
[Date "2012.03.13"]
[EventDate "2012.03.02"]
[Round "11"]
[Result "1-0"]
[White "Antoaneta Stefanova"]
[Black "Anastasia Bodnaruk"]
[WhiteElo "2531"]
[BlackElo "2412"]
[PlyCount "221"]

1. d4 Nf6 2. Nf3 g6 3. Nc3 d5 4. Bf4 Bg7 5. e3 O-O 6. Be2 c5
7. Ne5 cxd4 8. exd4 Nc6 9. O-O Bf5 10. g4 Be6 11. Bf3 Nd7
12. Nxc6 bxc6 13. Na4 f6 14. c4 Bf7 15. cxd5 cxd5 16. Bg3 Nb6
17. Re1 Re8 18. Nc5 e5 19. Rc1 Rc8 20. Be2 Nc4 21. b3 exd4
22. Nb7 Qb6 23. bxc4 Qxb7 24. c5 f5 25. gxf5 gxf5 26. Bd6 Qd7
27. Qb3 f4 28. h3 h5 29. Ba6 Rxe1+ 30. Rxe1 Re8 31. Rxe8+ Qxe8
32. Bxf4 Qe4 33. Qg3 h4 34. Qg5 d3 35. Qd8+ Kh7 36. Qxh4+ Kg8
37. Qg3 Qe1+ 38. Kg2 d2 39. Bh6 Qe4+ 40. Kh2 Qd4 41. Bd3 Bg6
42. Bxg6 Bxh6 43. Bh5+ Kh8 44. Qb8+ Kh7 45. Qxa7+ Bg7 46. Qf7
d1=Q 47. Bxd1 Qxd1 48. c6 Qc2 49. c7 d4 50. h4 Kh6 51. Qf4+
Kh7 52. Kh3 Kg8 53. h5 Qc6 54. h6 Qh1+ 55. Kg4 Qg2+ 56. Kh4
Qh1+ 57. Kg3 Qg1+ 58. Kf3 Qh1+ 59. Ke2 Qh5+ 60. f3 d3+ 61. Kf2
Qc5+ 62. Kg2 Qc2+ 63. Kg3 d2 64. hxg7 Kxg7 65. Qg4+ Kh7
66. Qd7+ Kh6 67. c8=Q Qxc8 68. Qxd2+ Kg6 69. Qd6+ Kg7 70. Qe7+
Kg6 71. Qe4+ Kf6 72. Qf4+ Ke7 73. Qe5+ Kf7 74. a4 Qc2 75. a5
Qb1 76. Qf4+ Kg7 77. Qd4+ Kg8 78. Qd5+ Kg7 79. Kf4 Qc1+
80. Kf5 Qc2+ 81. Ke6 Qg6+ 82. Kd7 Qa6 83. f4 Qa7+ 84. Kc8 Kh6
85. Qg5+ Kh7 86. Qh5+ Kg7 87. Qe5+ Kh6 88. Qe6+ Kh5 89. a6
Qa8+ 90. Kd7 Qa7+ 91. Ke8 Qb8+ 92. Ke7 Qb4+ 93. Kf6 Kh4 94. f5
Qb2+ 95. Kg6 Qa3 96. f6 Qd3+ 97. Kh6 Qd2+ 98. Kg7 Qg2+ 99. Kf7
Qa8 100. Qd6 Qa7+ 101. Kf8 Qa8+ 102. Kg7 Qg2+ 103. Kf7 Qa8
104. Qb4+ Kg3 105. Qb7 Qh8 106. Kg6 Qg8+ 107. Qg7 Qc4
108. Kh7+ Kf2 109. f7 Qh4+ 110. Kg8 Qc4 111. a7 1-0

[Event "13th European Individual Championship"]
[Site "Plovdiv BUL"]
[Date "2012.03.20"]
[EventDate "2012.03.20"]
[Round "1.154"]
[Result "1-0"]
[White "Antoaneta Stefanova"]
[Black "Petar Ljangov"]
[WhiteElo "2531"]
[BlackElo "2089"]
[PlyCount "75"]

1. d4 Nf6 2. Nf3 e6 3. e3 b6 4. Bd3 Bb7 5. O-O Be7 6. c4 c5
7. Nc3 d6 8. d5 e5 9. Ng5 O-O 10. f4 exf4 11. exf4 Bc8 12. h3
Nbd7 13. Qc2 h6 14. Nf3 Re8 15. Kh2 Nf8 16. Bd2 a6 17. a4 Bd7
18. g4 Qc8 19. Rg1 Rb8 20. b3 Kh8 21. Raf1 Ng8 22. Rg3 Qd8
23. Rfg1 Nf6 24. R3g2 N6h7 25. g5 hxg5 26. fxg5 g6 27. Ne2 Qc8
28. Bc3+ Kg8 29. Nf4 Bd8 30. Nxg6 fxg6 31. Bxg6 Re7 32. Re1
Rg7 33. Bxg7 Kxg7 34. Bxh7 Nxh7 35. Nh4 Nf8 36. Rf2 Bxg5
37. Rg1 Kh6 38. Rxf8 1-0

[Event "13th European Individual Championship"]
[Site "Plovdiv BUL"]
[Date "2012.03.22"]
[EventDate "2012.03.20"]
[Round "3.106"]
[Result "1/2-1/2"]
[White "Torsten Sarbok"]
[Black "Antoaneta Stefanova"]
[WhiteElo "2349"]
[BlackElo "2531"]
[PlyCount "145"]

1. e4 c6 2. d4 d5 3. Nd2 dxe4 4. Nxe4 Bf5 5. Ng3 Bg6 6. Nf3
Nd7 7. Bd3 e6 8. O-O Bd6 9. Re1 Ne7 10. Bxg6 hxg6 11. Ne4 Nf6
12. Neg5 Nh7 13. Nxh7 Rxh7 14. h3 Nf5 15. c4 Kf8 16. Qb3 Qb6
17. Qxb6 axb6 18. Bd2 Be7 19. Bc3 Bf6 20. Red1 Rd8 21. a4 Nd6
22. c5 bxc5 23. dxc5 Ne4 24. Rxd8+ Bxd8 25. Bd4 Ba5 26. b4
Bxb4 27. Rb1 Bxc5 28. Rxb7 Rh5 29. a5 Rd5 30. a6 Bxd4 31. Nxd4
Rxd4 32. a7 Rd1+ 33. Kh2 Ra1 34. f3 Nd6 35. Rb8+ Ke7 36. a8=Q
Rxa8 37. Rxa8 c5 38. Kg3 c4 39. Kf4 Kf6 40. Ra5 Nf5 41. Ke4 g5
42. g4 Nd6+ 43. Kd4 Nc8 44. Kxc4 Ne7 45. Kd3 Nd5 46. Ke4 Nc3+
47. Ke3 Nd5+ 48. Kf2 Nf4 49. Kg3 Ne2+ 50. Kh2 Nf4 51. Ra2 e5
52. Ra6+ Ke7 53. Kg3 Ne2+ 54. Kh2 Nf4 55. Ra8 f6 56. Ra7+ Kf8
57. Ra2 Kf7 58. Kg3 Ng6 59. Rh2 Ke6 60. Kf2 Kf7 61. Ke3 Kg8
62. Ke4 Kf7 63. Kd5 Ke7 64. Rh1 Nh4 65. Ke4 Kf7 66. Ra1 Ng2
67. Ra7+ Kg8 68. Kd5 Nf4+ 69. Kd6 Kf8 70. Ra8+ Kf7 71. Ra7+
Kf8 72. Ra8+ Kf7 73. Ra7+ 1/2-1/2

[Event "13th European Individual Championship"]
[Site "Plovdiv BUL"]
[Date "2012.03.23"]
[EventDate "2012.03.20"]
[Round "4.104"]
[Result "0-1"]
[White "Asaf Givon"]
[Black "Antoaneta Stefanova"]
[WhiteElo "2340"]
[BlackElo "2531"]
[PlyCount "34"]

1. e4 d5 2. exd5 Qxd5 3. Nf3 Bg4 4. Be2 Nc6 5. d4 O-O-O 6. c4
Qf5 7. Be3 Nf6 8. O-O e5 9. d5 Bxf3 10. Bxf3 e4 11. Be2 Ne5
12. h3 h5 13. Nc3 a6 14. c5 Nxd5 15. Nxd5 Rxd5 16. Qc2 Bxc5
17. Rad1 Nd3 0-1

[Event "13th European Individual Championship"]
[Site "Plovdiv BUL"]
[Date "2012.03.24"]
[EventDate "2012.03.20"]
[Round "5.49"]
[Result "0-1"]
[White "Antoaneta Stefanova"]
[Black "Andrei Istratescu"]
[WhiteElo "2531"]
[BlackElo "2633"]
[PlyCount "100"]

1. d4 Nf6 2. Nf3 c5 3. d5 b5 4. Bg5 Ne4 5. Bf4 Qa5+ 6. c3 Bb7
7. Qd3 f5 8. g4 c4 9. Qd4 Nf6 10. gxf5 Bxd5 11. Bg2 Nc6
12. Qe3 e6 13. fxe6 dxe6 14. Ne5 Qa6 15. Rg1 Rd8 16. Nd2 Be7
17. Qh3 Nxe5 18. Bxe5 O-O 19. Bxd5 Rxd5 20. Nf3 g6 21. Qh6 Rf7
22. h4 Bf8 23. Qe3 Nd7 24. Bd4 e5 25. Nxe5 Nxe5 26. Bxe5 b4
27. Bd4 Rdf5 28. Qe8 bxc3 29. bxc3 Re7 30. Qa8 Qe6 31. e3 Ref7
32. Rg2 Rh5 33. Rb1 Rxh4 34. Rb8 Rh1+ 35. Kd2 Qf5 36. Rxg6+
Qxg6 37. Qxh1 Rxf2+ 38. Ke1 Qg3 39. Rxf8+ Rxf8+ 40. Kd1 Qf3+
41. Qxf3 Rxf3 42. Bxa7 Rf2 43. a4 Ra2 44. Bb8 h5 45. Ke1 h4
46. Kf1 Kf7 47. a5 Rxa5 48. Kg2 Ke6 49. Kh3 Kd5 50. Kxh4 Ke4
0-1

[Event "13th European Individual Championship"]
[Site "Plovdiv BUL"]
[Date "2012.03.25"]
[EventDate "2012.03.20"]
[Round "6.100"]
[Result "1/2-1/2"]
[White "Alessio Valsecchi"]
[Black "Antoaneta Stefanova"]
[WhiteElo "2429"]
[BlackElo "2531"]
[PlyCount "81"]

1. d4 d5 2. Nf3 Nf6 3. c4 c6 4. Nbd2 g6 5. e3 Bg7 6. Be2 a5
7. b3 O-O 8. Bb2 Nbd7 9. O-O b6 10. Re1 Bb7 11. Bf1 e6 12. Qc2
Qe7 13. Rad1 a4 14. Bc3 axb3 15. axb3 Rfc8 16. b4 dxc4
17. Nxc4 Nd5 18. Bd2 Nxb4 19. Qb3 c5 20. e4 Bc6 21. Nxb6 Nxb6
22. dxc5 Nd7 23. Qxb4 Ra4 24. Qb1 Ra1 25. Qb4 Rxd1 26. Rxd1
Qxc5 27. Rc1 Qxb4 28. Bxb4 Bb7 29. Rxc8+ Bxc8 30. Bb5 Ne5
31. Nxe5 Bxe5 32. Bc5 Bg7 33. f3 Bf8 34. Bxf8 Kxf8 35. Kf2 e5
36. Ke3 Ke7 37. Bc4 f6 38. Bb5 Kd6 39. Bc4 Ke7 40. Bb5 Kd6
41. Bc4 1/2-1/2

[Event "13th European Individual Championship"]
[Site "Plovdiv BUL"]
[Date "2012.03.27"]
[EventDate "2012.03.20"]
[Round "7.96"]
[Result "0-1"]
[White "Antoaneta Stefanova"]
[Black "Vasily Nedilko"]
[WhiteElo "2531"]
[BlackElo "2392"]
[PlyCount "92"]

1. d4 Nf6 2. Nf3 g6 3. g3 Bg7 4. Bg2 d5 5. O-O O-O 6. Be3 c6
7. Qc1 Bf5 8. h3 Nbd7 9. g4 Be4 10. Nbd2 Bxf3 11. exf3 e5
12. dxe5 Nxe5 13. Re1 Re8 14. Bf4 Nfd7 15. Bg3 Nb6 16. f4 Nec4
17. Rxe8+ Qxe8 18. Rb1 Qe7 19. Bf1 Re8 20. c3 Nd6 21. Qc2 f5
22. Bd3 Qd7 23. g5 Ne4 24. Nxe4 fxe4 25. Bf1 Nc8 26. h4 Nd6
27. h5 Nf5 28. Bh3 Qf7 29. hxg6 hxg6 30. Re1 Bf8 31. Bg4 Bd6
32. c4 Bb4 33. Rd1 dxc4 34. Be2 b5 35. b3 Bc5 36. Kg2 Nd4
37. Qb2 Nxe2 38. Qxe2 c3 39. Qg4 Qf5 40. Qh4 e3 41. Rh1 Qe4+
42. f3 Qc2+ 43. Kh3 Re7 44. Qg4 Rh7+ 45. Bh4 Qf5 46. Rh2 Rd7
0-1

[Event "13th European Individual Championship"]
[Site "Plovdiv BUL"]
[Date "2012.03.28"]
[EventDate "2012.03.20"]
[Round "8.110"]
[Result "1/2-1/2"]
[White "Gerhard Schroll"]
[Black "Antoaneta Stefanova"]
[WhiteElo "2388"]
[BlackElo "2531"]
[PlyCount "80"]

1. e4 d5 2. exd5 Qxd5 3. Nc3 Qd6 4. d4 Nf6 5. Bd3 a6 6. Nge2
Bg4 7. f3 Bh5 8. Ne4 Nxe4 9. Bxe4 Bg6 10. Qd3 Nc6 11. Bf4 e5
12. dxe5 Qb4+ 13. c3 Bxe4 14. Qxe4 Qxe4 15. fxe4 O-O-O 16. Ng1
h6 17. Nf3 g5 18. Bg3 Bg7 19. Rd1 Rxd1+ 20. Kxd1 g4 21. Nh4
Kd7 22. Rf1 Ke6 23. Ke2 Bxe5 24. Nf5 a5 25. Ke3 Bxg3 26. hxg3
Ne5 27. b3 a4 28. Rh1 axb3 29. axb3 Ra8 30. Rxh6+ Kd7 31. Nd4
c5 32. Nb5 Ra2 33. Rd6+ Ke7 34. Rd2 Ra1 35. Ke2 Rc1 36. Nc7
Rb1 37. Nd5+ Ke6 38. Ke3 Rxb3 39. Kf4 f6 40. Ra2 Rb1 1/2-1/2

[Event "13th European Individual Championship"]
[Site "Plovdiv BUL"]
[Date "2012.03.29"]
[EventDate "2012.03.20"]
[Round "9.110"]
[Result "1-0"]
[White "Antoaneta Stefanova"]
[Black "Veselin Pantev"]
[WhiteElo "2531"]
[BlackElo "2379"]
[PlyCount "53"]

1. d4 Nf6 2. Nf3 e6 3. e3 c5 4. Bd3 b6 5. O-O Bb7 6. c4 Be7
7. Nc3 cxd4 8. exd4 O-O 9. d5 exd5 10. cxd5 d6 11. Nd4 Nbd7
12. Nc6 Bxc6 13. dxc6 Ne5 14. Ba6 Nxc6 15. Bb7 Qd7 16. Bxa8
Rxa8 17. Nd5 h6 18. Bf4 Rd8 19. Rc1 Nxd5 20. Qxd5 Nb4 21. Qb3
Na6 22. Qg3 Kf8 23. Qd3 Nc5 24. Qh7 Bf6 25. Rcd1 d5 26. Rfe1
g5 27. Be5 1-0

[Event "13th European Individual Championship"]
[Site "Plovdiv BUL"]
[Date "2012.03.30"]
[EventDate "2012.03.20"]
[Round "10.95"]
[Result "1/2-1/2"]
[White "Ogulcan Kanmazalp"]
[Black "Antoaneta Stefanova"]
[WhiteElo "2389"]
[BlackElo "2531"]
[PlyCount "65"]

1. Nf3 d5 2. g3 c6 3. Bg2 Bg4 4. O-O Nd7 5. d3 e6 6. c4 Bd6
7. cxd5 exd5 8. Nc3 Ne7 9. h3 Bh5 10. e4 dxe4 11. dxe4 Ne5
12. g4 Bg6 13. Nxe5 Bxe5 14. f4 Bd4+ 15. Kh1 f6 16. Qf3 Qb6
17. Ne2 Bc5 18. Rd1 Bf7 19. b3 Ng6 20. g5 Nh4 21. Qg4 Nxg2
22. Qxg2 Be7 23. Ng3 Bg6 24. Bb2 Rd8 25. Nf5 Bxf5 26. gxf6
gxf6 27. exf5 Rxd1+ 28. Rxd1 Qe3 29. Bc1 Qc3 30. Bb2 Qe3
31. Bc1 Qc3 32. Bb2 Qe3 33. Bc1 1/2-1/2

[Event "4NCL"]
[Site "Hinkley ENG"]
[Date "2012.05.06"]
[EventDate "2011.11.12"]
[Round "10"]
[Result "1-0"]
[White "Antoaneta Stefanova"]
[Black "Mark Ferguson"]
[WhiteElo "2531"]
[BlackElo "2374"]
[PlyCount "63"]

1. d4 d5 2. c4 c6 3. cxd5 cxd5 4. Nc3 Nf6 5. Bf4 Nc6 6. e3 Bf5
7. Rc1 a6 8. Nf3 Rc8 9. Be2 e6 10. O-O Bd6 11. Bxd6 Qxd6
12. Qb3 Rc7 13. Na4 O-O 14. Nc5 Qe7 15. Qb6 Rfc8 16. Rc3 Nd8
17. Rfc1 Nd7 18. Nxd7 Rxc3 19. Rxc3 Rxc3 20. bxc3 Qxd7 21. Ne5
Qc8 22. Qd6 h6 23. g4 Bg6 24. h4 Kh7 25. Nxg6 fxg6 26. Qf8
Qxc3 27. Qxd8 Qa1+ 28. Kg2 Qxa2 29. Bf3 Qc2 30. Qe8 Qc6
31. Qxc6 bxc6 32. Bd1 1-0

[Event "4NCL"]
[Site "Hinkley ENG"]
[Date "2012.05.07"]
[EventDate "2011.11.12"]
[Round "9.43"]
[Result "1-0"]
[White "Richard J Palliser"]
[Black "Antoaneta Stefanova"]
[WhiteElo "2447"]
[BlackElo "2531"]
[PlyCount "83"]

1. d4 d5 2. c4 c6 3. Nf3 Nf6 4. Nc3 a6 5. c5 Nbd7 6. Bf4 Nh5
7. Bg5 h6 8. Bd2 Nhf6 9. Bf4 Nh5 10. Be5 Nhf6 11. e3 g6
12. Bd3 Bg7 13. b4 O-O 14. O-O Nh5 15. Bxg7 Kxg7 16. a4 Re8
17. Be2 Nhf6 18. b5 Qa5 19. Qc1 e5 20. b6 exd4 21. exd4 Nf8
22. Qb2 Bg4 23. Ne5 Bxe2 24. Nxe2 Ne4 25. Ra2 Rxe5 26. dxe5
Ne6 27. Nd4 N4xc5 28. f4 Nd3 29. Nxe6+ fxe6 30. Qb3 Nb4
31. Raf2 Qxb6 32. Kh1 a5 33. Qg3 Kh7 34. f5 exf5 35. e6 Qd4
36. h4 Re8 37. h5 Rxe6 38. Qh3 Qg4 39. Qxg4 fxg4 40. Rf7+ Kg8
41. Rf8+ Kg7 42. R1f7# 1-0

[Event "4NCL"]
[Site "Staverton ENG"]
[Date "2012.05.07"]
[EventDate "2011.11.12"]
[Round "11"]
[Result "1/2-1/2"]
[White "Mark Hebden"]
[Black "Antoaneta Stefanova"]
[WhiteElo "2515"]
[BlackElo "2531"]
[PlyCount "114"]

1. d4 d5 2. Nf3 Nf6 3. c4 c6 4. e3 a6 5. Bd2 e6 6. Nc3 c5
7. cxd5 exd5 8. g3 Nc6 9. dxc5 Bxc5 10. Bg2 O-O 11. O-O Bg4
12. h3 Bf5 13. Rc1 Ba7 14. Ne2 Qe7 15. Bc3 Be4 16. Qb3 Rfd8
17. Rfd1 Rd7 18. Ned4 Nxd4 19. Bxd4 Bxd4 20. Nxd4 h5 21. h4
Bxg2 22. Kxg2 Rc7 23. Rxc7 Qxc7 24. Ne2 Re8 25. Nc3 Re5
26. Rd4 Qc6 27. Kg1 Rf5 28. a4 b6 29. Qd1 g6 30. Ne2 Re5
31. Qd3 Re4 32. Nc3 Rxd4 33. Qxd4 Qe6 34. b4 Kh7 35. b5 axb5
36. axb5 Qf5 37. Kg2 Ne4 38. Nd1 Nc5 39. Qf4 Qe4+ 40. Kh2 Qxf4
41. gxf4 Ne6 42. Kg3 Kg7 43. Kf3 Kf6 44. Nc3 Nc7 45. Na4 Nxb5
46. Nxb6 Ke6 47. f5+ gxf5 48. Kf4 Nc3 49. Na8 Ne2+ 50. Kg5 f4
51. Kxh5 Kf5 52. Nc7 Ng3+ 53. Kh6 Kg4 54. Nxd5 Nf5+ 55. Kh7
fxe3 56. fxe3 Nxe3 57. Nxe3+ Kxh4 1/2-1/2

[Event "Women's World Rapid Championship"]
[Site "Batumi. Georgia"]
[Date "2012.05.31"]
[EventDate "2012.??.??"]
[Round "1.8"]
[Result "1-0"]
[White "Antoaneta Stefanova"]
[Black "Salome Melia"]
[WhiteElo "2518"]
[BlackElo "2410"]
[PlyCount "63"]

1. d4 Nf6 2. Nf3 e6 3. e3 c5 4. Bd3 b6 5. O-O Be7 6. c4 cxd4
7. exd4 d5 8. cxd5 Nxd5 9. Ne5 O-O 10. Nc3 Bb7 11. Qg4 Nf6
12. Qh4 Ne4 13. Qh3 Qxd4 14. Bf4 Nf6 15. Ne2 Qd8 16. Rfd1 Qe8
17. Nc3 Nc6 18. Nb5 Rc8 19. Ng4 g6 20. Nd6 Qd7 21. Nxf7 Rxf7
22. Nh6+ Kg7 23. Nxf7 Nd4 24. Be5 Kxf7 25. Bxd4 e5 26. Qxd7
Nxd7 27. Bc3 e4 28. Bxe4 Bxe4 29. Rxd7 Bf5 30. Rxa7 Kf8
31. Re1 Bc5 32. Rxh7 1-0

[Event "Women's World Rapid Championship"]
[Site "Batumi. Georgia"]
[Date "2012.05.31"]
[EventDate "2012.??.??"]
[Round "2.5"]
[Result "1/2-1/2"]
[White "Lilit Mkrtchian"]
[Black "Antoaneta Stefanova"]
[WhiteElo "2449"]
[BlackElo "2518"]
[PlyCount "130"]

1. Nf3 d5 2. c4 c6 3. e3 Nf6 4. Nc3 e6 5. b3 Nbd7 6. Bb2 Bd6
7. Be2 O-O 8. Qc2 a6 9. d4 b6 10. O-O Bb7 11. e4 dxe4 12. Nxe4
Nxe4 13. Qxe4 Qe7 14. Rad1 f5 15. Qc2 c5 16. dxc5 Nxc5 17. Be5
Rad8 18. Bxd6 Rxd6 19. Rxd6 Qxd6 20. Rd1 Qe7 21. Qd2 Ne4
22. Qd4 Qc5 23. Kf1 Qa5 24. Qe5 Qxe5 25. Nxe5 Nc3 26. Rd6 b5
27. f3 Nxa2 28. Rb6 Bc8 29. cxb5 axb5 30. Bxb5 Nc3 31. Bc4 f4
32. Bxe6+ Bxe6 33. Rxe6 Rd8 34. g3 Nd5 35. Kf2 g6 36. Nc6 Ra8
37. Re2 Kg7 38. Rd2 Nf6 39. gxf4 Nh5 40. Rd7+ Kg8 41. Ke3 Re8+
42. Re7 Rc8 43. Re6 Kf7 44. Rd6 Ng7 45. Ne5+ Kf8 46. Rf6+ Kg8
47. Rc6 Rb8 48. Ke4 Nh5 49. Rc3 Kg7 50. Rc7+ Kg8 51. Rc3 Kg7
52. Ng4 Rb4+ 53. Ke5 Nxf4 54. Rc7+ Kf8 55. Rc4 Nd3+ 56. Kf6
Rb6+ 57. Kg5 Rxb3 58. Rc8+ Ke7 59. Rc7+ Ke6 60. Rxh7 Ne1
61. f4 Nd3 62. Rg7 Rb5+ 63. Ne5 Nxf4 64. Kxf4 Rxe5 65. Rxg6+
Kf7 1/2-1/2

[Event "Women's World Rapid Championship"]
[Site "Batumi. Georgia"]
[Date "2012.05.31"]
[EventDate "2012.??.??"]
[Round "3.8"]
[Result "1-0"]
[White "Antoaneta Stefanova"]
[Black "Sopio Gvetadze"]
[WhiteElo "2518"]
[BlackElo "2338"]
[PlyCount "113"]

1. d4 d5 2. c4 c6 3. cxd5 cxd5 4. Nc3 Nf6 5. Bf4 Nc6 6. e3 a6
7. Bd3 e6 8. Rc1 Bd6 9. Bxd6 Qxd6 10. f4 O-O 11. Nf3 b5
12. O-O Bb7 13. Ne5 Rac8 14. Qf3 Na5 15. g4 Nc4 16. g5 Ne4
17. Nxc4 bxc4 18. Nxe4 dxe4 19. Bxe4 Bd5 20. f5 Bxe4 21. Qxe4
Rfe8 22. f6 e5 23. d5 Rc5 24. Rxc4 Rxd5 25. fxg7 Rd2 26. Rc6
Qd8 27. Rcf6 Rd1 28. Qc4 Rxf1+ 29. Kxf1 Qd1+ 30. Kf2 Qh5
31. h4 Rd8 32. Kg3 Kxg7 33. Qg4 Qxg4+ 34. Kxg4 Rd2 35. Rxa6
Rxb2 36. h5 Re2 37. h6+ Kf8 38. Kf3 Re1 39. Ke4 Ke7 40. Ra8
Rg1 41. Kf5 e4 42. Ra4 Kd6 43. Rxe4 Rf1+ 44. Rf4 Re1 45. e4
Re2 46. a4 Ke7 47. e5 Ra2 48. Rb4 Rf2+ 49. Ke4 Rg2 50. Rb7+
Ke6 51. Rb6+ Ke7 52. a5 Rxg5 53. a6 Rg4+ 54. Kf5 Ra4 55. Rb7+
Kd8 56. a7 Kc8 57. Rb8+ 1-0

[Event "Women's World Rapid Championship"]
[Site "Batumi. Georgia"]
[Date "2012.06.01"]
[EventDate "2012.??.??"]
[Round "4.3"]
[Result "1-0"]
[White "Antoaneta Stefanova"]
[Black "Alexandra Kosteniuk"]
[WhiteElo "2518"]
[BlackElo "2457"]
[PlyCount "81"]

1. Nf3 Nf6 2. g3 b6 3. Bg2 Bb7 4. O-O c5 5. d3 d5 6. Nbd2 Nc6
7. e4 dxe4 8. dxe4 e5 9. c3 Qc7 10. Qc2 g6 11. Re1 Bg7 12. Nc4
O-O 13. Bg5 h6 14. Bxf6 Bxf6 15. Rad1 Rad8 16. Ne3 Ne7 17. Bf1
Bg7 18. Bc4 Kh7 19. Nh4 Bc6 20. a4 Qb7 21. f3 Rxd1 22. Rxd1 a6
23. b3 b5 24. axb5 axb5 25. Be2 Bd7 26. Qd3 Be6 27. Qxb5 Qxb5
28. Bxb5 Bxb3 29. Rd7 Nc8 30. c4 h5 31. Rd3 Ba2 32. Rd2 Bh6
33. Nhg2 h4 34. gxh4 Bb1 35. Rd1 Ba2 36. Ra1 Bb3 37. Ra3 Bxc4
38. Nxc4 Bg7 39. Ra8 Rd8 40. Nge3 Bf6 41. Ba6 1-0

[Event "Women's World Rapid Championship"]
[Site "Batumi. Georgia"]
[Date "2012.06.01"]
[EventDate "2012.??.??"]
[Round "5.2"]
[Result "1/2-1/2"]
[White "Pia Cramling"]
[Black "Antoaneta Stefanova"]
[WhiteElo "2478"]
[BlackElo "2518"]
[PlyCount "45"]

1. d4 d5 2. Nf3 Nf6 3. c4 c6 4. Nc3 a6 5. a4 e6 6. g3 Bb4
7. Bg2 Nbd7 8. O-O O-O 9. Qb3 a5 10. Bf4 b6 11. cxd5 exd5
12. Na2 Be7 13. Rac1 Bb7 14. Ne5 Nxe5 15. Bxe5 Re8 16. Rfd1
Nd7 17. Bf4 Bf8 18. Nc3 Bb4 19. Bf3 h6 20. Na2 Bf8 21. Nc3 Bb4
22. Na2 Bf8 23. Nc3 1/2-1/2

[Event "Women's World Rapid Championship"]
[Site "Batumi. Georgia"]
[Date "2012.06.01"]
[EventDate "2012.??.??"]
[Round "6.2"]
[Result "0-1"]
[White "Zhao Xue"]
[Black "Antoaneta Stefanova"]
[WhiteElo "2549"]
[BlackElo "2518"]
[PlyCount "80"]

1. d4 d5 2. c4 c6 3. Nc3 Nf6 4. Nf3 g6 5. e3 Bg7 6. h3 O-O
7. Bd3 a6 8. a4 a5 9. O-O Na6 10. e4 dxe4 11. Nxe4 Nb4
12. Nxf6+ exf6 13. Ra3 Qc7 14. Be3 Be6 15. Qc1 Nxd3 16. Rxd3
Rfd8 17. Rfd1 Rd7 18. Bf4 Qb6 19. d5 cxd5 20. cxd5 Bf5 21. Rc3
Be4 22. Bc7 Qa7 23. d6 f5 24. Rc4 Qa6 25. Nd4 Bh6 26. Qc3 Bg7
27. f3 Bc6 28. Qc2 Bxd4+ 29. Rcxd4 Re8 30. R4d2 Qa7+ 31. Kh1
Qe3 32. Bxa5 Qf4 33. b3 Qg3 34. Rd3 g5 35. Qd2 Re6 36. Kg1 h6
37. Bc3 f4 38. Bb2 f6 39. Bc3 Kf7 40. Qc1 Re2 0-1

[Event "Women's World Rapid Championship"]
[Site "Batumi. Georgia"]
[Date "2012.06.02"]
[EventDate "2012.??.??"]
[Round "7.1"]
[Result "1/2-1/2"]
[White "Antoaneta Stefanova"]
[Black "Koneru Humpy"]
[WhiteElo "2518"]
[BlackElo "2589"]
[PlyCount "104"]

1. d4 d5 2. Nf3 Nf6 3. e3 e6 4. Bd3 b6 5. O-O Bb7 6. b3 Bd6
7. Bb2 O-O 8. c4 Nbd7 9. Nc3 a6 10. Qe2 Ne4 11. a3 Qe7 12. b4
Nxc3 13. Bxc3 dxc4 14. Bxc4 e5 15. Nxe5 Nxe5 16. dxe5 Bxe5
17. Bxe5 Qxe5 18. Rac1 Rfe8 19. Rfd1 Re7 20. Rd2 g6 21. Rcd1
a5 22. b5 Rae8 23. Bd5 Bxd5 24. Rxd5 Qc3 25. Qa2 c6 26. bxc6
Qxc6 27. Rd6 Qc5 28. R6d5 Qc3 29. R5d3 Qf6 30. Qb3 Re6 31. Rd7
R6e7 32. R7d6 Re6 33. Qxb6 Rxd6 34. Qxd6 Qxd6 35. Rxd6 Rb8
36. g3 Rb1+ 37. Kg2 Ra1 38. Rd3 Kg7 39. g4 h6 40. h4 Kf6
41. f4 Ke6 42. Kf3 f5 43. gxf5+ gxf5 44. Rb3 a4 45. Rb6+ Kf7
46. Rxh6 Rxa3 47. Ra6 Ra1 48. Ra5 Kf6 49. Ra6+ Kg7 50. Ra7+
Kg6 51. Ra6+ Kg7 52. Ra7+ Kg6 1/2-1/2

[Event "Women's World Rapid Championship"]
[Site "Batumi. Georgia"]
[Date "2012.06.02"]
[EventDate "2012.??.??"]
[Round "8.2"]
[Result "1-0"]
[White "Antoaneta Stefanova"]
[Black "Nino Khurtsidze"]
[WhiteElo "2518"]
[BlackElo "2456"]
[PlyCount "45"]

1. d4 Nf6 2. Nf3 e6 3. e3 c5 4. Bd3 b6 5. O-O Bb7 6. c4 Be7
7. Nc3 cxd4 8. exd4 d5 9. cxd5 Nxd5 10. Ne5 O-O 11. Qg4 Nf6
12. Qh4 Ne4 13. Qh3 Qxd4 14. Bf4 f5 15. Bc4 Rf6 16. Rad1 Qc5
17. Nxe4 Bxe4 18. Bxe6+ Rxe6 19. Qb3 Qc8 20. Rd7 Nxd7
21. Qxe6+ Kh8 22. Nf7+ Kg8 23. Nd6+ 1-0

[Event "Women's World Rapid Championship"]
[Site "Batumi. Georgia"]
[Date "2012.06.02"]
[EventDate "2012.??.??"]
[Round "9.1"]
[Result "0-1"]
[White "Kateryna Lahno"]
[Black "Antoaneta Stefanova"]
[WhiteElo "2546"]
[BlackElo "2518"]
[PlyCount "74"]

1. d4 d5 2. c4 c6 3. e3 Nf6 4. Bd3 e5 5. Nc3 exd4 6. exd4 dxc4
7. Bxc4 Bg4 8. Qb3 Qc7 9. Bg5 b5 10. Be2 Be6 11. Qc2 Nd5
12. a3 Nxc3 13. Qxc3 h6 14. Bh4 b4 15. axb4 Qb7 16. b5 Bd6
17. d5 Bxd5 18. Qxg7 Rf8 19. Nf3 Bb4+ 20. Kf1 cxb5 21. Nd4 Nd7
22. Bxb5 Qc7 23. Nf5 Bc4+ 24. Bxc4 Qxc4+ 25. Kg1 Rc8 26. Qxh6
Ne5 27. h3 Rc6 28. Qe3 Re6 29. Ng7+ Kd7 30. Nxe6 Kxe6 31. Bg3
f6 32. Rc1 Qd5 33. Qe2 Rg8 34. Kh2 Kf7 35. Rhd1 Qb7 36. Qh5+
Ke6 37. Bxe5 Qxg2# 0-1

[Event "Women's World Rapid Championship"]
[Site "Batumi. Georgia"]
[Date "2012.06.03"]
[EventDate "2012.??.??"]
[Round "10.1"]
[Result "1/2-1/2"]
[White "Antoaneta Stefanova"]
[Black "Anna Muzychuk"]
[WhiteElo "2518"]
[BlackElo "2598"]
[PlyCount "78"]

1. d4 Nf6 2. Nf3 g6 3. g3 Bg7 4. Bg2 O-O 5. O-O d6 6. a4 Na6
7. Nc3 d5 8. Bf4 c6 9. Qd2 Bf5 10. Nh4 Bd7 11. Bh6 Qc8
12. Bxg7 Kxg7 13. e4 dxe4 14. Nxe4 Nxe4 15. Bxe4 Bh3 16. Rfe1
Nc7 17. Qg5 f6 18. Qe3 Rf7 19. c4 Qd7 20. Rad1 g5 21. Ng2 e6
22. Qb3 Ne8 23. c5 Rb8 24. Ne3 b5 25. axb5 Rxb5 26. Qc3 Qb7
27. Nc4 Rb3 28. Qc2 Qb4 29. Bxc6 Nc7 30. Re3 Rxe3 31. Nxe3 Rf8
32. Bf3 Rb8 33. Nc4 Nb5 34. b3 Nxd4 35. Qe4 Nxf3+ 36. Qxf3
Qxb3 37. Rd7+ Kg8 38. Rd8+ Kg7 39. Rd7+ Kg8 1/2-1/2

[Event "Women's World Rapid Championship"]
[Site "Batumi. Georgia"]
[Date "2012.06.03"]
[EventDate "2012.??.??"]
[Round "11.1"]
[Result "1/2-1/2"]
[White "Dronavalli Harika"]
[Black "Antoaneta Stefanova"]
[WhiteElo "2508"]
[BlackElo "2518"]
[PlyCount "64"]

1. c4 c6 2. g3 d5 3. Nf3 Nf6 4. Bg2 dxc4 5. O-O Nbd7 6. Na3
Nb6 7. Qc2 Qd5 8. b3 cxb3 9. axb3 e6 10. Nc4 Qd8 11. Bb2 Be7
12. Nxb6 Qxb6 13. Ra4 h6 14. Ne5 O-O 15. e4 Qc7 16. d4 Nd7
17. Nd3 b5 18. Raa1 Qb6 19. b4 Bb7 20. Qc3 Bf6 21. e5 Be7
22. f4 Qd8 23. Nc5 Nxc5 24. dxc5 Qc7 25. f5 exf5 26. Rxf5 Bc8
27. e6 f6 28. Re1 a5 29. Qf3 axb4 30. Qxc6 Qxc6 31. Bxc6 Ra2
32. Bd4 Rd8 1/2-1/2

[Event "5th Paleochora Open"]
[Site "Paleochora GRE"]
[Date "2012.07.16"]
[EventDate "2012.07.16"]
[Round "1.16"]
[Result "0-1"]
[White "Carmine De Lisa"]
[Black "Antoaneta Stefanova"]
[WhiteElo "1776"]
[BlackElo "2505"]
[PlyCount "70"]

1. e4 e5 2. Nf3 Nc6 3. Bb5 a6 4. Ba4 Nf6 5. O-O b5 6. Bb3 Bc5
7. d3 d6 8. h3 Na5 9. c3 Nxb3 10. axb3 Qe7 11. b4 Ba7 12. Bg5
h6 13. Bh4 g5 14. Bg3 Nh5 15. Bh2 Nf4 16. d4 Bb7 17. Re1 Qf6
18. b3 h5 19. dxe5 dxe5 20. Bxf4 Qxf4 21. Qd2 Qxd2 22. Nbxd2
f6 23. c4 g4 24. Nh4 Bd4 25. Rac1 g3 26. Kf1 Bxf2 27. Re2
O-O-O 28. cxb5 axb5 29. Nhf3 Rd6 30. Nb1 Rhd8 31. Nc3 Rc6
32. Rec2 Be3 33. Nxb5 Rxc2 34. Rxc2 Ba6 35. Re2 Bb6 0-1